冬季オリンピックの開催都市 - Statistics

General Stats
  • This quiz has been taken 515 times
  • The average score is 10 of 26
Answer Stats
開催年 開催都市 % Correct
1998 長野
95%
2022 北京
90%
1972 札幌
89%
2018 平昌
83%
2014 ソチ
77%
2010 バンクーバー
72%
2026(共同開催) ミラノ
61%
2006 トリノ
55%
1952 オスロ
47%
2002 ソルトレークシティ
43%
コルティナダンペッツォ
34%
1956 コルティナダンペッツォ
33%
1994 リレハンメル
28%
1992 アルベールビル
26%
1988 カルガリー
24%
1984 サラエボ
23%
1928 サンモリッツ
20%
1948 サンモリッツ
20%
1924 シャモニー・モンブラン
17%
1936 ガルミッシュ・パルテンキルヘン
17%
1932 レークプラシッド
14%
1964 インスブルック
14%
1976 インスブルック
14%
1980 レークプラシッド
14%
1968 グルノーブル
12%
1960 スコーバレー
6%
No matching quizzes found
Score Distribution
Percent of People with Each Score
Percentile by Number Answered
Your Score History
You have not taken this quiz